00337nam a2200121Ia 4500008004100000041000800041082001600049100003000065245004500095260003800140300003000178365000700208240624s9999 xx 000 0 und d aeng a658.827 KAM aKAMBHAMMETTU SHYAM SUNDER aBRAND VALUATION CONCEPTS AND APPLICATION c2005aHyderabadbICFAI University axi, : 243 : p. : cm. ; 21 cRS